000 00418cam a2200181ua 4500
001 8557
008 190424n1996 II |||gr||||Z||||||eng
040 _aMAIN
041 _aEnglish
082 _a510 SAR
100 _aSARKAR, A. C.
245 _aDEGREE MATHEMATICS TUTOR
260 _aBORPETA:
_bBORNALI,
_c1984.
300 _a184:
_c20CM.
653 _aMathematics
700 _aSARKAR, A. C.,
_eAuthor.
942 _cBK
999 _c8533
_d8533